Регионална библиотека "Любен Каравелов" - Русе

Дух и материя (Запис номер 194047)

MARC детайли
000 -Лидер
Контролно поле с фиксирана дължина 01258nam a2200337 c 4500
003 - Код на организацията, давaща контролен номер
Контролно поле BLK
005 - Дата и час на последна редакция
Контролно поле 20180421000908.0
008 - Елементи от данни с фиксирана дължина
fixed length control field 180411b bul|||||r ||||||| ||bul||
010 ## - Наследен системен номер
LC control number KNG00203271000
040 ## - Източник на каталожния запис
Идентификатор на билиотеката - собственик на записа BLK
041 ## - Код за език
Код за езика на текст/звукозапис или на отделно заглавие Български
Код за езика КДБФ Български
072 #7 - Код за тематичната категория
Код организация bullib
Код за тематична категория А
Текст Фонд Михаил Арнаудов
080 ## - УДК
Текстов определител УДК Материя - Превръщане на материята. Първична материя. Субстанциална форма. Вж и 541
УДК код - определител по УДК 117
УДК определител
УДК - код + определител 117
080 ## - УДК
Текстов определител УДК Философия на духа. Метафизика на духовния живот
УДК код - определител по УДК 13
УДК определител
УДК - код + определител 13
100 1# - Редна дума - Автор
Автор Гидиков, Стефан Стефанов
Авторска отговорност първи автор
R(LIN) 54001
139 ## - Редно поле
Редна дума Гидиков, Стефан Стефанов
Авторски знак Ги - Г 46
245 10 - Сведения за заглавието
Заглавие Дух и материя
Редно поле (дума) Стефан Стефанов Гидиков.
257 ## - Страна на издаване
Страна на създаване/издаване България
260 ## - Област на издателските данни
-- София
300 ## - Физическа характеристика
Страници 13 с.
Размери/Мащаб 23 см
380 ## - Жанр
Жанр Философия
500 ## - Общи забележки
Забележка Отпеч.
650 #4 - Допълнително описание по предмет – тема
Основно описание – тема или топоним Материя (филос.)
9 (RLIN) 254719
650 #4 - Допълнително описание по предмет – тема
Основно описание – тема или топоним Душа (филос.)
9 (RLIN) 153913
659 ## - Тематичен бюлетин
Тематичен бюлетин А
852 ## - Местоположение
Форматна сигнатура Цб МА 3508
856 4# - Електронен адрес и достъп
Електронен формат pdf - файл
Път до файла /url/
856 4# - Електронен адрес и достъп
Електронен формат pdf - файл
Път до файла /url/
942 ## - АРТИКУЛИ
Вид на библиотечния материал Книги
Скрит в OPAC Не
944 ## - СЪЗДАВАНЕ И РЕДАКЦИЯ на ЗАПИСА
Създаване/Редакция Създаване
Дата на регистрацията/редакция 16.03.2017
Служител, извършил регистрацията/редакцията Геновева_Генчева
944 ## - СЪЗДАВАНЕ И РЕДАКЦИЯ на ЗАПИСА
Създаване/Редакция Редакция
Дата на регистрацията/редакция 16.03.2017
Служител, извършил регистрацията/редакцията Геновева_Генчева
999 ## - СИСТЕМНИ КОНТРОЛНИ НОМЕРА
Koha biblionumber 194047
Koha biblioitemnumber 194047
Наличности
Код за отписване Код за изгубен артикул Източник на класификационната схема Код за повреда Коз за рестрикции Код за отдаване Артикулен № Име на библиотеката - собственик Име на библиотеката, в която се намира в момента Статус (Текущо местоположение) Дата на вписване в системата Местоположение - отдел Цена в лева Инвентарен номер Систематично азбучна сигнатура Баркод Номер на екземпляра Цена в евро Служебна бележка Служебен тип на артикула
  Не е изгубен Universal Decimal Classification Не е повреден само за читалня Специални фондове ( старопечатни, редки и ценни, фонд М. Арнаудов) 339565 Регионална библиотека "Любен Каравелов" Русе Регионална библиотека "Любен Каравелов" Русе Фонд "Михаил Арнаудов" 1973-01-01 Фонд "Михаил Арнаудов" 1.00 591324 МА 3508 120000591324 1 0.51 Дост: DA Вид: А N: стар фонд Дата: 01.01.1973 Книги
Vip Innovations Ltd, Rousse, Bulgaria 2025